[Event "41st Guernsey International Open"]
[Site "Guernsey, GCI"]
[Date "2015.10.18"]
[Round "1"]
[White "Canonne, Antoine"]
[Black "Abbas, Daniel"]
[Result "0-1"]
[WhiteElo "1967"]
[BlackElo "2168"]
[PlyCount "118"]
[EventDate "2015.10.18"]
[EventType "swiss"]
[EventRounds "7"]

1. e4 c5 2. Nc3 a6 3. a4 e6 4. d3 Nc6 5. f4 d5 6. Nf3 Nf6 7. Be2 Be7 8. O-O O-O
9. Qe1 Nb4 10. Bd1 dxe4 11. dxe4 c4 12. Kh1 Bc5 13. Be3 Qc7 14. Bxc5 Qxc5 15.
Qf2 Qc7 16. Ne5 Nd7 17. Nxd7 Bxd7 18. g3 b6 19. Bf3 Bc6 20. Rac1 Rad8 21. Rfd1
Qb7 22. Rd4 b5 23. axb5 axb5 24. Rcd1 Qb6 25. R4d2 Qxf2 26. Rxf2 Rxd1+ 27. Nxd1
Rd8 28. Ne3 Kf8 29. Kg2 Ke7 30. g4 Ra8 31. Kg3 Ra1 32. Rd2 Rb1 33. Nd1 Na6 34.
Kf2 Nc5 35. Ke3 Na4 36. c3 Nc5 37. g5 Nb3 38. Rg2 Kd6 39. h4 g6 40. h5 e5 41.
hxg6 hxg6 42. Rh2 exf4+ 43. Kxf4 Nc5 44. Rd2+ Nd3+ 45. Ke3 Ke5 46. Nf2 Re1+ 47.
Be2 Nxf2 48. Kxf2 Rh1 49. b3 b4 50. Rd4 Bb5 51. Rd5+ Kf4 52. bxc4 bxc3 53. Bd1
Bxc4 54. Rc5 c2 55. Bxc2 Rh2+ 56. Ke1 Rxc2 57. e5 Re2+ 58. Kd1 Re4 59. Kd2 Be6
0-1

[Event "41st Guernsey International Open"]
[Site "Guernsey, GCI"]
[Date "2015.10.18"]
[Round "1"]
[White "Salimbeni, George PW"]
[Black "Morcom, Huw"]
[Result "1-0"]
[WhiteElo "2142"]
[BlackElo "1966"]
[PlyCount "49"]
[EventDate "2015.10.18"]
[EventType "swiss"]
[EventRounds "7"]

1. e4 c5 2. c3 a6 3. Nf3 e6 4. d4 Qc7 5. Bd3 c4 6. Bc2 Nf6 7. O-O h6 8. Nbd2 d5
9. e5 Ng8 10. h4 Nc6 11. Qe2 Bd7 12. b3 Na5 13. Bb2 Ne7 14. Rfc1 Nc8 15. g3 Nb6
16. Kg2 Rc8 17. b4 Nc6 18. a4 Nxb4 19. a5 Na8 20. cxb4 c3 21. Ba4 Bxb4 22. Nb1
Bxa5 23. Bxd7+ Kxd7 24. Nxc3 Qb6 25. Na4 1-0

[Event "41st Guernsey International Open"]
[Site "Guernsey, GCI"]
[Date "2015.10.18"]
[Round "1"]
[White "De Kruif, Kees"]
[Black "Norman, Kenneth I"]
[Result "1/2-1/2"]
[WhiteElo "1954"]
[BlackElo "2124"]
[PlyCount "62"]
[EventDate "2015.10.18"]
[EventType "swiss"]
[EventRounds "7"]

1. c4 g6 2. g3 Bg7 3. Bg2 c5 4. d3 Nc6 5. Nc3 e6 6. e4 Nge7 7. Nge2 d6 8. O-O
O-O 9. a3 b6 10. Rb1 Bb7 11. b4 Qd7 12. b5 Nd4 13. Nxd4 cxd4 14. Ne2 f5 15. Bb2
e5 16. Qb3 Kh8 17. f3 fxe4 18. fxe4 Qg4 19. Qc2 Bh6 20. Rxf8+ Rxf8 21. Bc1 Bxc1
22. Nxc1 Ng8 23. Qe2 Qg5 24. Nb3 Bc8 25. Rf1 Rxf1+ 26. Kxf1 Nf6 27. Bf3 Bh3+
28. Bg2 Bg4 29. Bf3 Kg7 30. Kg2 Qh5 31. Bxg4 Nxg4 1/2-1/2

[Event "41st Guernsey International Open"]
[Site "Guernsey, GCI"]
[Date "2015.10.18"]
[Round "1"]
[White "Curtis, John E"]
[Black "Von Saldern, Ruediger"]
[Result "1/2-1/2"]
[WhiteElo "2101"]
[BlackElo "1950"]
[PlyCount "68"]
[EventDate "2015.10.18"]
[EventType "swiss"]
[EventRounds "7"]

1. d4 d5 2. Nf3 Nf6 3. e3 e6 4. Bd3 Bd6 5. Nbd2 O-O 6. O-O Nbd7 7. c3 e5 8.
dxe5 Nxe5 9. Nxe5 Bxe5 10. Nf3 Bd6 11. c4 Bg4 12. h3 dxc4 13. Bxc4 Bh5 14. Be2
Qe7 15. Nd4 Bxe2 16. Qxe2 Qe5 17. Nf3 Qh5 18. Qc2 Rfe8 19. b3 Rad8 20. Bb2 Ne4
21. Rfd1 Re6 22. Ba3 Rde8 23. Bxd6 Nxd6 24. Qxc7 Nb5 25. Qxb7 Nc3 26. Rd7 Rg6
27. Re7 Rf8 28. Kh2 Rf6 29. Rc1 Qc5 30. Qxa7 Qd6+ 31. Kh1 Nd1 32. Rxd1 Qxd1+
33. Kh2 Qd6+ 34. Kh1 Qd1+ 1/2-1/2

[Event "41st Guernsey International Open"]
[Site "Guernsey, GCI"]
[Date "2015.10.18"]
[Round "1"]
[White "Hardy, Roger"]
[Black "Reijneveld, Ad"]
[Result "0-1"]
[WhiteElo "1949"]
[BlackElo "2095"]
[PlyCount "84"]
[EventDate "2015.10.18"]
[EventType "swiss"]
[EventRounds "7"]

1. d4 Nf6 2. c4 Nc6 3. d5 Ne5 4. e4 e6 5. Nf3 Bb4+ 6. Bd2 Nxf3+ 7. Qxf3 Qe7 8.
Bd3 exd5 9. cxd5 Nxd5 10. O-O Nb6 11. Nc3 d6 12. a3 Bxc3 13. Bxc3 O-O 14. e5
dxe5 15. Qe4 f5 16. Qxe5 Qxe5 17. Bxe5 c6 18. Bc7 Be6 19. Bxb6 axb6 20. Rfe1
Kf7 21. Re5 Ra5 22. Re3 Rd8 23. Rae1 Rd6 24. f4 Kf6 25. Bb1 Ra4 26. b4 Ra8 27.
h3 h5 28. h4 Rad8 29. Kh2 R8d7 30. Re5 g6 31. R5e2 Bf7 32. Ba2 Bxa2 33. Rxa2
Rd4 34. g3 Rd2+ 35. Re2 Rxa2 36. Rxa2 Rd3 37. a4 Rb3 38. b5 c5 39. Rd2 Ke6 40.
Re2+ Kd5 41. Re7 c4 42. Rxb7 Kc5 0-1

[Event "41st Guernsey International Open"]
[Site "Guernsey, GCI"]
[Date "2015.10.18"]
[Round "1"]
[White "Heppell, Ian N"]
[Black "Phillips, Owen S"]
[Result "1/2-1/2"]
[WhiteElo "2089"]
[BlackElo "1947"]
[PlyCount "40"]
[EventDate "2015.10.18"]
[EventType "swiss"]
[EventRounds "7"]

1. e4 g6 2. d4 Bg7 3. Nc3 c6 4. Bc4 Na6 5. Qf3 e6 6. Nge2 d5 7. Bb3 Nf6 8. Be3
Nc7 9. e5 Nd7 10. h4 h6 11. h5 g5 12. Qg3 f5 13. exf6 Bxf6 14. f4 b5 15. fxg5
hxg5 16. Nd1 e5 17. Nf2 Ne6 18. O-O-O Nf4 19. Bxf4 exf4 20. Qd3 Nf8 1/2-1/2

[Event "41st Guernsey International Open"]
[Site "Guernsey, GCI"]
[Date "2015.10.18"]
[Round "1"]
[White "Sikkel, Dirk"]
[Black "Jackson, Oliver A"]
[Result "1-0"]
[WhiteElo "1937"]
[BlackElo "2077"]
[PlyCount "139"]
[EventDate "2015.10.18"]
[EventType "swiss"]
[EventRounds "7"]

1. e4 c5 2. Nf3 e6 3. b3 Nf6 4. e5 Nd5 5. Bb2 Nc6 6. Nc3 Be7 7. Bb5 Qb6 8. Nxd5
exd5 9. Be2 d6 10. exd6 Bxd6 11. O-O Be6 12. Bxg7 Rg8 13. Bf6 Kd7 14. Ng5 Rg6
15. Nxe6 Rxf6 16. Ng5 Rg8 17. Nh3 Qc7 18. g3 Kd8 19. f4 Qd7 20. Kg2 Nd4 21. Bd3
Nf5 22. Qh5 Rg7 23. Rae1 Kc7 24. Re5 Ne7 25. Rg5 Rxg5 26. Nxg5 h6 27. Nh7 Rg6
28. Bxg6 fxg6 29. Qxh6 Qf5 30. d3 c4 31. bxc4 dxc4 32. Qf8 Qd5+ 33. Rf3 cxd3
34. cxd3 Qxa2+ 35. Kh3 Qe6+ 36. g4 Nd5 37. Qg7+ Kc6 38. Qd4 Qe7 39. Ng5 Nxf4+
40. Rxf4 Qxg5 41. Qa4+ b5 42. Qa6+ Kd7 43. Qxa7+ Kd8 44. Qa8+ Kd7 45. Rf7+ Be7
46. Qe4 b4 47. Rh7 Qf6 48. Qb7+ Ke6 49. Qc6+ Bd6 50. Qc8+ Ke5 51. Qe8+ Qe6 52.
Qxe6+ Kxe6 53. Kg2 Be7 54. Rh8 Bd6 55. Rc8 b3 56. Rc1 Be5 57. Kf3 Kd5 58. h4
Kd4 59. Rb1 Kc3 60. Ke4 Bg7 61. d4 Kc2 62. Rg1 b2 63. Rg2+ Kc3 64. Rxb2 Kxb2
65. d5 Kc3 66. d6 Kc4 67. d7 Bf6 68. h5 Kc5 69. hxg6 Kd6 70. g7 1-0

[Event "41st Guernsey International Open"]
[Site "Guernsey, GCI"]
[Date "2015.10.18"]
[Round "1"]
[White "Dilleigh, Stephen P"]
[Black "Spanton, Timothy R"]
[Result "1-0"]
[WhiteElo "2074"]
[BlackElo "1928"]
[PlyCount "31"]
[EventDate "2015.10.18"]
[EventType "swiss"]
[EventRounds "7"]

1. Nf3 Nc6 2. d4 d5 3. c4 Bg4 4. Nc3 e6 5. Bg5 Be7 6. Bxe7 Ngxe7 7. e3 O-O 8.
cxd5 exd5 9. Be2 f5 10. O-O f4 11. Ng5 Bxe2 12. Qxe2 Qd6 13. Qg4 Rf6 14. Nb5
Qb4 15. Nxc7 Rc8 16. Nxd5 1-0

[Event "41st Guernsey International Open"]
[Site "Guernsey, GCI"]
[Date "2015.10.18"]
[Round "1"]
[White "Hickman, John E"]
[Black "Prins, Jan"]
[Result "1-0"]
[WhiteElo "1924"]
[BlackElo "2073"]
[PlyCount "59"]
[EventDate "2015.10.18"]
[EventType "swiss"]
[EventRounds "7"]

1. e4 c6 2. d4 d5 3. Nc3 dxe4 4. Nxe4 Bf5 5. Ng3 Bg6 6. Nf3 e6 7. h4 h6 8. h5
Bh7 9. Bd3 Bxd3 10. Qxd3 Nf6 11. Bd2 Bd6 12. O-O-O Qc7 13. Ne4 Nbd7 14. Nxd6+
Qxd6 15. c4 Ng4 16. Qe2 b5 17. Rh4 f5 18. d5 cxd5 19. cxd5 e5 20. Nd4 Qc5+ 21.
Bc3 b4 22. Nxf5 Nxf2 23. Nxg7+ Kf7 24. Ne6 Qe7 25. Qxf2+ Qf6 26. Qxf6+ Nxf6 27.
Bxe5 Rac8+ 28. Kb1 Nxd5 29. Bxh8 Rxh8 30. Rxd5 1-0

[Event "41st Guernsey International Open"]
[Site "Guernsey, GCI"]
[Date "2015.10.18"]
[Round "1"]
[White "Rosen, Daniel B"]
[Black "Fassaert, Desire JM"]
[Result "1/2-1/2"]
[WhiteElo "2063"]
[BlackElo "1912"]
[PlyCount "93"]
[EventDate "2015.10.18"]
[EventType "swiss"]
[EventRounds "7"]

1. e4 c6 2. d4 d5 3. exd5 cxd5 4. c4 Nf6 5. c5 e5 6. Nc3 exd4 7. Qxd4 Nc6 8.
Bb5 Bd7 9. Bxc6 bxc6 10. Nge2 Be7 11. O-O h6 12. h3 Rb8 13. b4 O-O 14. a3 Re8
15. Be3 Bf5 16. Qd2 Qd7 17. Nd4 Ne4 18. Nxe4 Bxe4 19. Rfe1 Bf6 20. f3 Bg6 21.
Bf2 Rxe1+ 22. Rxe1 Bxd4 23. Bxd4 Re8 24. Kf2 Re6 25. a4 Rxe1 26. Qxe1 f6 27.
Qe2 Be8 28. Be3 d4 29. Qc4+ Bf7 30. Qxd4 Qxd4 31. Bxd4 Bb3 32. b5 cxb5 33. axb5
Bc4 34. c6 Bxb5 35. c7 Ba6 36. Bxa7 Kf7 37. Bc5 g6 38. Be3 h5 39. g4 hxg4 40.
fxg4 Ke6 41. h4 Bc8 42. h5 Kf7 43. Kg3 g5 44. Bd4 Kg7 45. Bc5 Bd7 46. Be7 Bc8
47. Bd8 1/2-1/2

[Event "41st Guernsey International Open"]
[Site "Guernsey, GCI"]
[Date "2015.10.18"]
[Round "1"]
[White "Kirkwood, Robin"]
[Black "Pleasants, Allan J"]
[Result "1/2-1/2"]
[WhiteElo "1911"]
[BlackElo "2061"]
[PlyCount "96"]
[EventDate "2015.10.18"]
[EventType "swiss"]
[EventRounds "7"]

1. b3 d5 2. Bb2 Bf5 3. e3 e6 4. Nf3 Nf6 5. Be2 Nbd7 6. O-O Bd6 7. c4 c6 8. d4
Ne4 9. Nbd2 Qf6 10. Ne1 Qh6 11. f4 Nxd2 12. Qxd2 Nf6 13. Bd3 Ne4 14. Bxe4 Bxe4
15. Nf3 f6 16. Qf2 O-O 17. Qh4 Qg6 18. Qg3 Qxg3 19. hxg3 b5 20. c5 Bc7 21. b4
a5 22. a3 Ra7 23. Nd2 f5 24. Nf3 Bxf3 25. gxf3 axb4 26. axb4 Rfa8 27. Rxa7 Rxa7
28. Ra1 Rxa1+ 29. Bxa1 g5 30. Kg2 g4 31. Bc3 Kf7 32. Be1 Kg6 33. Bf2 Bd8 34.
Be1 Be7 35. Bf2 Bf6 36. Be1 Be7 37. Bf2 Bf6 38. Be1 Kh5 39. Bf2 Bd8 40. Be1 Bf6
41. Bf2 h6 42. Be1 Kg6 43. Bf2 h5 44. Be1 h4 45. Bf2 Kh5 46. Be1 hxg3 47. Bxg3
Bh4 48. Kf2 Be7 1/2-1/2

[Event "41st Guernsey International Open"]
[Site "Guernsey, GCI"]
[Date "2015.10.18"]
[Round "1"]
[White "Hewson, Brian WR"]
[Black "Van Randen, Fred"]
[Result "1-0"]
[WhiteElo "2059"]
[BlackElo "1908"]
[PlyCount "99"]
[EventDate "2015.10.18"]
[EventType "swiss"]
[EventRounds "7"]

1. d4 d5 2. Nf3 Nf6 3. c4 e6 4. Nc3 c6 5. Bg5 Nbd7 6. e3 Bd6 7. Rc1 O-O 8. Bd3
Re8 9. O-O h6 10. Bh4 dxc4 11. Bxc4 Qa5 12. a3 g5 13. Bg3 Bxg3 14. hxg3 g4 15.
Nh4 Qg5 16. e4 Nb6 17. Ba2 e5 18. dxe5 Qxe5 19. f4 Qc5+ 20. Kh2 Qh5 21. e5 Nfd5
22. Bxd5 cxd5 23. Nxd5 Nxd5 24. Qxd5 Be6 25. Qe4 Rad8 26. Rfd1 b5 27. Rd4 a5
28. Qd3 Rxd4 29. Qxd4 a4 30. Rc7 Bc4 31. Qd7 Kf8 32. Qd6+ Kg8 33. Qf6 Ba2 34.
Kg1 Bb1 35. Qc6 Rd8 36. Rc8 Rxc8 37. Qxc8+ Kg7 38. Qd7 Ba2 39. Qxb5 Bb3 40. Qd7
Kf8 41. Qd8+ Kg7 42. Qf6+ Kh7 43. Kf2 Bc4 44. Ke3 Bd5 45. Kd4 Bxg2 46. Kc5 Be4
47. Kd6 Bc2 48. Ke7 Kg8 49. Qc6 Bb3 50. Kf6 1-0

[Event "41st Guernsey International Open"]
[Site "Guernsey, GCI"]
[Date "2015.10.18"]
[Round "1"]
[White "Van Ginkel, Henk"]
[Black "Taylor, Mark V"]
[Result "0-1"]
[WhiteElo "1906"]
[BlackElo "2053"]
[PlyCount "66"]
[EventDate "2015.10.18"]
[EventType "swiss"]
[EventRounds "7"]

1. e4 e6 2. d4 d5 3. e5 c5 4. c3 Nc6 5. Nf3 Bd7 6. Be2 f6 7. exf6 Nxf6 8. O-O
cxd4 9. cxd4 Bd6 10. Nc3 a6 11. h3 O-O 12. Be3 Rc8 13. Rc1 Nh5 14. Ne5 Nf4 15.
Bxf4 Rxf4 16. Nxc6 bxc6 17. g3 Rf6 18. Kg2 Rh6 19. Rh1 Qf6 20. Qd2 Rf8 21. Qe3
Rg6 22. Bxa6 Bf4 23. Qf3 Bxc1 24. Qxf6 Rgxf6 25. Rxc1 Rxf2+ 26. Kg1 Rxb2 27. a3
Rf3 28. g4 Rg3+ 29. Kf1 Rxh3 30. Ke1 Rh1+ 31. Bf1 e5 32. dxe5 Bxg4 33. Ra1 Bh3
0-1

[Event "41st Guernsey International Open"]
[Site "Guernsey, GCI"]
[Date "2015.10.18"]
[Round "1"]
[White "Bakker, Joop"]
[Black "Purdon, Colin"]
[Result "0-1"]
[WhiteElo "1899"]
[BlackElo "2042"]
[PlyCount "86"]
[EventDate "2015.10.18"]
[EventType "swiss"]
[EventRounds "7"]

1. b4 e5 2. Bb2 Bxb4 3. Bxe5 Nf6 4. e3 Nc6 5. Bb2 d5 6. Nf3 O-O 7. Be2 Re8 8.
O-O Bg4 9. d3 Qe7 10. Nd4 Nxd4 11. Bxd4 Bxe2 12. Qxe2 c5 13. Bb2 Ba5 14. Nd2
Bc7 15. Rfe1 Rad8 16. Nf3 b5 17. d4 c4 18. Ne5 Qd6 19. f4 Ne4 20. Rf1 f6 21.
Ng4 Rd7 22. Nf2 Rde7 23. Rae1 a5 24. g3 b4 25. Nxe4 Rxe4 26. Bc1 Bb6 27. Qf2 f5
28. Rd1 a4 29. Kh1 Qc6 30. g4 fxg4 31. Qh4 Qg6 32. f5 Qf6 33. Qh5 Bd8 34. Bd2
c3 35. Be1 Qg5 36. Qxg5 Bxg5 37. a3 Bxe3 38. axb4 Bxd4 39. Rb1 Re2 40. b5 Rxc2
41. b6 Rb2 42. Rxb2 cxb2 43. Bg3 Bxb6 0-1

[Event "41st Guernsey International Open"]
[Site "Guernsey, GCI"]
[Date "2015.10.18"]
[Round "1"]
[White "Fruteau, Sabine"]
[Black "Brookfield, Toby"]
[Result "1-0"]
[WhiteElo "2037"]
[BlackElo "1897"]
[PlyCount "79"]
[EventDate "2015.10.18"]
[EventType "swiss"]
[EventRounds "7"]

1. e4 c5 2. Nf3 d6 3. Bb5+ Nd7 4. O-O a6 5. Bxd7+ Bxd7 6. c3 Nf6 7. Re1 e6 8.
d4 Be7 9. e5 dxe5 10. dxe5 Nd5 11. c4 Nb4 12. a3 Nc6 13. Nc3 Na5 14. Qe2 Nb3
15. Rb1 Nxc1 16. Rexc1 Bc6 17. Ne4 Qc7 18. b4 b6 19. bxc5 bxc5 20. Rd1 O-O 21.
Qe3 Bxe4 22. Qxe4 Rab8 23. h4 h6 24. g3 Rfd8 25. Rxd8+ Qxd8 26. Rb7 Bf8 27. Kg2
Rxb7 28. Qxb7 Qa5 29. Qb2 Qd8 30. Nd2 Qd4 31. Qxd4 cxd4 32. a4 f6 33. f4 Kf7
34. Kf3 Kg6 35. Ke4 d3 36. Kxd3 Bb4 37. Ne4 f5 38. Nd6 Be1 39. c5 Ba5 40. c6
1-0

[Event "41st Guernsey International Open"]
[Site "Guernsey, GCI"]
[Date "2015.10.18"]
[Round "1"]
[White "Marley, Andrew SG"]
[Black "Collier, David O"]
[Result "1/2-1/2"]
[WhiteElo "1882"]
[BlackElo "2037"]
[PlyCount "52"]
[EventDate "2015.10.18"]
[EventType "swiss"]
[EventRounds "7"]

1. d4 Nf6 2. Bg5 d5 3. Bxf6 exf6 4. e3 Be6 5. Bd3 Bd6 6. Ne2 Nd7 7. c3 f5 8.
Nd2 c6 9. Ng3 g6 10. O-O h5 11. Nh1 Nf6 12. f4 Qe7 13. Nf3 O-O-O 14. Nf2 Ne4
15. Ne5 Rdg8 16. Qa4 Kb8 17. c4 Bxe5 18. fxe5 Nd2 19. Rfc1 dxc4 20. Qc2 cxd3
21. Qxd2 Bd5 22. Qxd3 Qg5 23. e4 fxe4 24. Nxe4 Qg4 25. Re1 Rd8 26. Re2 Bxe4
1/2-1/2

[Event "41st Guernsey International Open"]
[Site "Guernsey, GCI"]
[Date "2015.10.18"]
[Round "1"]
[White "Wager, John D"]
[Black "Gravett, Alan D"]
[Result "1-0"]
[WhiteElo "2029"]
[BlackElo "1879"]
[PlyCount "45"]
[EventDate "2015.10.18"]
[EventType "swiss"]
[EventRounds "7"]

1. d4 Nf6 2. Nf3 g6 3. Bg5 Bg7 4. e3 Ne4 5. Bf4 c5 6. Bd3 cxd4 7. Bxe4 e5 8.
Bg3 d5 9. Bd3 dxe3 10. fxe3 e4 11. Bb5+ Kf8 12. Nd4 Qa5+ 13. Qd2 Qb6 14. Nc3 a6
15. Be2 Nc6 16. Nxd5 Qxb2 17. O-O Bxd4 18. Rab1 Qxa2 19. Nb4 Bxe3+ 20. Qxe3 Qe6
21. Nxc6 Qxc6 22. Qd4 Rg8 23. Rb6 1-0

[Event "41st Guernsey International Open"]
[Site "Guernsey, GCI"]
[Date "2015.10.18"]
[Round "1"]
[White "Downey, Keith"]
[Black "Thurlow, Kevin J"]
[Result "1/2-1/2"]
[WhiteElo "1869"]
[BlackElo "2016"]
[PlyCount "49"]
[EventDate "2015.10.18"]
[EventType "swiss"]
[EventRounds "7"]

1. c4 Nf6 2. Nf3 c5 3. g3 Nc6 4. d4 cxd4 5. Nxd4 Qb6 6. e3 d6 7. Bg2 Bg4 8. Qd2
g6 9. O-O Bg7 10. Nc3 O-O 11. b3 Rfd8 12. Bb2 a6 13. Rac1 Rac8 14. h3 Bd7 15.
Rfd1 Qa5 16. Qe2 e5 17. Nc2 Be6 18. a3 Qb6 19. Na1 Na5 20. Na4 Qa7 21. Qe1 Nc6
22. b4 b5 23. cxb5 axb5 24. Nc3 Bc4 25. Nd5 1/2-1/2

[Event "41st Guernsey International Open"]
[Site "Guernsey, GCI"]
[Date "2015.10.18"]
[Round "1"]
[White "Havenaar, Jan"]
[Black "Petersons, Ojars"]
[Result "1-0"]
[WhiteElo "2016"]
[BlackElo "1827"]
[PlyCount "107"]
[EventDate "2015.10.18"]
[EventType "swiss"]
[EventRounds "7"]

1. Nc3 d5 2. e4 d4 3. Nce2 e5 4. Ng3 Be6 5. c3 Nc6 6. Bb5 Qd6 7. Nf3 f6 8. O-O
Nge7 9. Qa4 O-O-O 10. cxd4 Nxd4 11. Nxd4 Qxd4 12. Qa5 Qb6 13. Qxb6 cxb6 14. d3
Nc6 15. Be3 Nd4 16. Rfc1+ Kb8 17. Bc4 Bc8 18. a3 b5 19. Bd5 Rxd5 20. exd5 Nb3
21. Rab1 Nxc1 22. Rxc1 f5 23. Bc5 b6 24. Bxf8 Rxf8 25. d4 e4 26. Nh5 Rd8 27.
Nxg7 Rxd5 28. Rd1 f4 29. Ne8 Bf5 30. Rd2 Bg6 31. Nf6 Rd6 32. Ng4 e3 33. fxe3
Bh5 34. Ne5 fxe3 35. Rd3 e2 36. Re3 Kc7 37. Nf3 Bxf3 38. gxf3 Rxd4 39. Rxe2 Kd6
40. Kf2 a5 41. Ke3 Rh4 42. f4 Ke6 43. Ke4 a4 44. Rc2 Kd6 45. Kf5 Rh5+ 46. Kf6
Kd5 47. f5 Ke4 48. Re2+ Kd3 49. Rg2 Ke4 50. Rg4+ Kd3 51. Rb4 Rxh2 52. Kg7 Rg2+
53. Kxh7 Rg5 54. f6 1-0

[Event "41st Guernsey International Open"]
[Site "Guernsey, GCI"]
[Date "2015.10.18"]
[Round "1"]
[White "French, Max"]
[Black "Pickersgill, Adrian O"]
[Result "1/2-1/2"]
[WhiteElo "1824"]
[BlackElo "2016"]
[PlyCount "67"]
[EventDate "2015.10.18"]
[EventType "swiss"]
[EventRounds "7"]

1. d4 d6 2. e4 Nf6 3. Nc3 c6 4. f4 Qa5 5. e5 Ne4 6. Qf3 d5 7. Bd3 Na6 8. Nge2
Nb4 9. f5 g6 10. f6 Nxd3+ 11. cxd3 Nxc3 12. bxc3 h5 13. h3 Bf5 14. O-O h4 15.
Bg5 Rh5 16. fxe7 Bxe7 17. Bxe7 Kxe7 18. g4 hxg3 19. Nxg3 Rg5 20. Qf4 Rxg3+ 21.
Qxg3 Qxc3 22. Qg5+ Ke8 23. Qh4 Kd7 24. Rab1 Rb8 25. Rb3 Qd2 26. Qg3 Ke6 27. Rf2
Qd1+ 28. Kg2 Rh8 29. h4 b6 30. Qg5 Rh5 31. Qf6+ Kd7 32. Qd6+ Ke8 33. Qb8+ Ke7
34. Qd6+ 1/2-1/2

[Event "41st Guernsey International Open"]
[Site "Guernsey, GCI"]
[Date "2015.10.18"]
[Round "1"]
[White "Kraft, Karl Heinz"]
[Black "Plug, Arjan"]
[Result "1-0"]
[WhiteElo "2015"]
[BlackElo "1824"]
[PlyCount "117"]
[EventDate "2015.10.18"]
[EventType "swiss"]
[EventRounds "7"]

1. e4 e6 2. d4 d5 3. Nc3 h6 4. Nge2 Nf6 5. e5 Nfd7 6. f4 c5 7. Be3 Nc6 8. Qd2
Qa5 9. dxc5 Bxc5 10. Bxc5 Nxc5 11. Nd4 a6 12. a3 Qd8 13. O-O-O Nxd4 14. Qxd4
Qb6 15. f5 Nd7 16. Qf4 Qc7 17. Re1 Nb6 18. g4 Bd7 19. Bd3 O-O-O 20. Rhf1 Kb8
21. Kb1 Rc8 22. Qb4 Nc4 23. Bxc4 Qxc4 24. Rf4 Qxb4 25. axb4 h5 26. fxe6 Bxe6
27. g5 h4 28. Ne2 Rh5 29. Rg1 g6 30. Nd4 Rc4 31. Nxe6 fxe6 32. Rf6 Re4 33. Rxe6
Re2 34. Rxg6 Rxe5 35. Rh6 Rhxg5 36. Rxg5 Rxg5 37. Rxh4 Kc7 38. b3 Kc6 39. Kb2
Rf5 40. Rg4 Rh5 41. h4 Kb5 42. Kc3 Rf5 43. Rg5 Rf3+ 44. Kb2 Kc6 45. h5 Rf4 46.
Kc3 Rf3+ 47. Kd4 Rf4+ 48. Ke5 Rxb4 49. Kf6 b5 50. h6 Rh4 51. Kg6 a5 52. Rh5
Rg4+ 53. Kf5 Rg8 54. h7 Rh8 55. c3 a4 56. b4 a3 57. Rh6+ Kb7 58. Kg6 a2 59. Rh1
1-0

[Event "41st Guernsey International Open"]
[Site "Guernsey, GCI"]
[Date "2015.10.18"]
[Round "1"]
[White "Cummins, John"]
[Black "Oehne, Timo"]
[Result "0-1"]
[WhiteElo "1823"]
[BlackElo "2010"]
[PlyCount "86"]
[EventDate "2015.10.18"]
[EventType "swiss"]
[EventRounds "7"]

1. e4 c5 2. Nf3 Nc6 3. c4 g6 4. Nc3 Bg7 5. Be2 d6 6. h3 Nf6 7. d3 O-O 8. O-O a6
9. Bd2 Bd7 10. Qc1 Rb8 11. Bh6 b5 12. Bxg7 Kxg7 13. Nd5 e6 14. Nxf6 Qxf6 15. b3
e5 16. Qd2 Nd8 17. Nh2 Ne6 18. Ng4 Qh4 19. Qe3 Nd4 20. Bd1 f5 21. exf5 Rxf5 22.
Qg3 Qxg3 23. fxg3 Rxf1+ 24. Kxf1 Rf8+ 25. Nf2 Nf5 26. g4 Ne3+ 27. Kg1 Bc6 28.
Be2 Nxg2 29. Ne4 Nf4 30. Bf1 bxc4 31. bxc4 Bxe4 32. dxe4 Rb8 33. Rd1 Rb6 34.
Rd2 Kf6 35. Kf2 Ke7 36. Ke3 Rb1 37. Kf2 a5 38. Rc2 a4 39. a3 Rb3 40. Ra2 Nxh3+
41. Kg2 Nf4+ 42. Kg1 h5 43. g5 h4 0-1

[Event "41st Guernsey International Open"]
[Site "Guernsey, GCI"]
[Date "2015.10.18"]
[Round "1"]
[White "Dijksterhuis, Rolf"]
[Black "Murray, J Stephen"]
[Result "1/2-1/2"]
[WhiteElo "2006"]
[BlackElo "1814"]
[PlyCount "60"]
[EventDate "2015.10.18"]
[EventType "swiss"]
[EventRounds "7"]

1. e4 c5 2. Nf3 d6 3. d4 cxd4 4. Nxd4 Nf6 5. Nc3 a6 6. Bc4 e6 7. Bb3 Nbd7 8.
Be3 Nc5 9. f3 Be7 10. Qd2 Bd7 11. O-O-O Qc7 12. g4 O-O-O 13. Kb1 Kb8 14. h4
Nxb3 15. Nxb3 Bc6 16. Qf2 Nd7 17. g5 Rc8 18. h5 Ka8 19. Rhg1 g6 20. f4 b6 21.
Rd2 Nc5 22. Qe2 Ka7 23. Bd4 Rhd8 24. e5 Nxb3 25. axb3 d5 26. Na4 Bxa4 27. bxa4
Bc5 28. Qe3 Bxd4 29. Qxd4 Qc4 30. Rh1 Qxd4 1/2-1/2

[Event "41st Guernsey International Open"]
[Site "Guernsey, GCI"]
[Date "2015.10.18"]
[Round "1"]
[White "Ippel, Cornelius J"]
[Black "Shaw, Meyrick"]
[Result "0-1"]
[WhiteElo "1807"]
[BlackElo "2003"]
[PlyCount "78"]
[EventDate "2015.10.18"]
[EventType "swiss"]
[EventRounds "7"]

1. Nc3 d5 2. e4 d4 3. Nce2 e5 4. Nf3 Bd6 5. Ng3 Ne7 6. Bc4 h6 7. d3 a6 8. a4
Nd7 9. Bd2 c5 10. O-O Nf6 11. c3 O-O 12. Qc1 Kh7 13. Nh4 Rb8 14. f4 b5 15. axb5
axb5 16. Bb3 exf4 17. Bxf4 Bxf4 18. Rxf4 Nc6 19. Qf1 Ne5 20. Nhf5 dxc3 21. Bc2
cxb2 22. Rb1 Nfg4 23. h3 Nf6 24. Nxg7 Kxg7 25. Rxf6 Rb6 26. Nh5+ Kh7 27. Qf4
Rxf6 28. Nxf6+ Kg6 29. Qxe5 Qxf6 30. Qxc5 Rd8 31. Qf2 Qg5 32. Bb3 f6 33. h4
Qc1+ 34. Qf1 Qe3+ 35. Kh1 Qd2 36. Rd1 Qc3 37. Bd5 Bg4 38. Re1 Rc8 39. e5 Qxe1
0-1

[Event "41st Guernsey International Open"]
[Site "Guernsey, GCI"]
[Date "2015.10.19"]
[Round "2"]
[White "Hebden, Mark"]
[Black "Fruteau, Sabine"]
[Result "1-0"]
[WhiteElo "2490"]
[BlackElo "2037"]
[PlyCount "87"]
[EventDate "2015.10.18"]
[EventType "swiss"]
[EventRounds "7"]

1. d4 Nf6 2. Nf3 d5 3. c4 e6 4. Bg5 Be7 5. Nc3 c6 6. e3 Nbd7 7. Rc1 O-O 8. Bd3
Re8 9. O-O Nf8 10. h3 Ng6 11. Nh4 dxc4 12. Bxc4 Qa5 13. Nxg6 hxg6 14. Bf4 Bd7
15. Bh2 b5 16. Bb3 c5 17. dxc5 Bc6 18. Ne2 Red8 19. Nd4 Rac8 20. Qe2 Bd5 21.
Bxd5 Nxd5 22. Rfd1 Qxa2 23. Qxb5 a6 24. Qb7 Bf6 25. c6 e5 26. Qb3 Qa5 27. Nf3
Rb8 28. Qa3 Qc7 29. e4 Ne7 30. Rxd8+ Rxd8 31. Qxa6 Qxc6 32. Rxc6 Rd1+ 33. Qf1
Rxf1+ 34. Kxf1 Nxc6 35. Ke2 Kf8 36. Kd3 Ke7 37. Kc4 Ke6 38. Ne1 Bd8 39. Nd3 f6
40. f3 Nd4 41. Bg1 Ne2 42. Be3 g5 43. Nc5+ Ke7 44. Kd3 1-0

[Event "41st Guernsey International Open"]
[Site "Guernsey, GCI"]
[Date "2015.10.19"]
[Round "2"]
[White "Taylor, Mark V"]
[Black "Cherniaev, Alexander"]
[Result "0-1"]
[WhiteElo "2053"]
[BlackElo "2458"]
[PlyCount "54"]
[EventDate "2015.10.18"]
[EventType "swiss"]
[EventRounds "7"]

1. d4 c5 2. d5 d6 3. Nc3 g6 4. e4 Bg7 5. Bb5+ Bd7 6. a4 Na6 7. Nf3 Nc7 8. Bxd7+
Qxd7 9. O-O Nf6 10. h3 O-O 11. Bf4 h6 12. Nd2 Kh7 13. Nc4 Rad8 14. Re1 Nh5 15.
Bh2 f5 16. e5 f4 17. Qf3 Rf5 18. Rad1 Bxe5 19. Nxe5 dxe5 20. Ne4 b6 21. d6 Ne8
22. dxe7 Qxe7 23. Rxd8 Qxd8 24. Rd1 Qe7 25. a5 Nhf6 26. axb6 axb6 27. Nxf6+
Rxf6 0-1